000 00927nam a22002897a 4500
001 BR9405330
003 BR-BrBNA
005 20230928094315.0
007 ta
008 230509b bl.||||| |||| 00| 0 por d
040 _aBR-BrBNA
_bpor
_cBiblioteca Nacional de Agricultura
041 _a(Por)
072 _aE14
090 _ E14 BR9405330
110 1 _aSecretaria Nacional de Producao Agropecuaria, Brasilia, DF (Brasil)
_99224
245 1 _aProposta de acao conjunta MA/SAGRI'S - 1985: Analises dos seguimentos: sementes e mudas, conservacao do solo; melhoramento zootenico; inseminacao artificial
260 3 _aBrasilia, DF (Brasil):
_c1983.
300 _a30 p.
650 _aProjeto de Desenvolvimento
650 _aProducao
650 _aComercializacao
650 _aConservacao do Solo
650 _aZootecnia
650 _aInseminacao Artificial
909 _a202309
_bLucia
_c55
_dLucia Elande
942 _cBK
999 _c49971
_d49971